An Introduction to animal Behaviour. (Record no. 4000)

MARC details
000 -LEADER
fixed length control field 00556nam a22002057a 4500
003 - CONTROL NUMBER IDENTIFIER
control field OSt
005 - DATE AND TIME OF LATEST TRANSACTION
control field 20160513122452.0
008 - FIXED-LENGTH DATA ELEMENTS--GENERAL INFORMATION
fixed length control field 160513b xxu||||| |||| 00| 0 eng d
020 ## - INTERNATIONAL STANDARD BOOK NUMBER
International Standard Book Number 0521498449
040 ## - CATALOGING SOURCE
Transcribing agency DDC.
082 ## - DEWEY DECIMAL CLASSIFICATION NUMBER
Classification number 591.5MAN 1999.
100 ## - MAIN ENTRY--PERSONAL NAME
Personal name Manning Aubrey ;Dawkins,Marian Stamp;
9 (RLIN) 8387
245 ## - TITLE STATEMENT
Title An Introduction to animal Behaviour.
250 ## - EDITION STATEMENT
Edition statement 4th ed.
260 ## - PUBLICATION, DISTRIBUTION, ETC. (IMPRINT)
Place of publication, distribution, etc. Uk.
Name of publisher, distributor, etc. Cambridge University Press.
Date of publication, distribution, etc. 1999.
300 ## - PHYSICAL DESCRIPTION
Extent x,196p;
Other physical details ill;
Dimensions 25cm.
504 ## - BIBLIOGRAPHY, ETC. NOTE
Bibliography, etc References and index.
650 ## - SUBJECT ADDED ENTRY--TOPICAL TERM
Topical term or geographic name as entry element Biology.
9 (RLIN) 5602
942 ## - ADDED ENTRY ELEMENTS (KOHA)
Source of classification or shelving scheme Dewey Decimal Classification
Koha item type Short Loan
Holdings
Withdrawn status Lost status Source of classification or shelving scheme Damaged status Not for loan Home library Current library Date acquired Source of acquisition Serial Enumeration / chronology Inventory number Total Checkouts Full call number Barcode Date last seen Price effective from Koha item type
    Dewey Decimal Classification     MUST Main Library MUST Main Library 13/05/2016   . 02/17243   591.5MAN 1999. 2016-1811 13/05/2016 13/05/2016 Short Loan
    Dewey Decimal Classification     MUST Main Library MUST Main Library 13/05/2016   . 2000/14529   591.5MAN 1999. 2016-1812 13/05/2016 13/05/2016 Short Loan
    Dewey Decimal Classification     MUST Main Library MUST Main Library 13/05/2016   . 2000/14530   591.5MAN 1999. 2016-1813 13/05/2016 13/05/2016 Short Loan
    Dewey Decimal Classification     MUST Main Library MUST Main Library 13/05/2016   . 02/17242   591.5MAN 1999. 2016-1814 13/05/2016 13/05/2016 Short Loan